Historia de la escultura en Chile

Αποθηκεύτηκε σε:
Λεπτομέρειες βιβλιογραφικής εγγραφής
Κύριος συγγραφέας: Carvacho Herrera, Víctor (Συγγραφέας)
Μορφή: Βιβλίο
Γλώσσα:Ισπανικά
Έκδοση: Santiago, Chile Andrés Bello 1983
Θέματα:
Ετικέτες: Προσθήκη ετικέτας
Δεν υπάρχουν, Καταχωρήστε ετικέτα πρώτοι!

MARC

LEADER 00000nam a2200000 a 4500
001 UCX0386
003 CL-VaPUC
005 20200527152954.0
008 891011e19830000CL |||||||||||||||||spa|d
999 |c 221996  |d 221994 
040 |c Pontificia Universidad Católica de Valparaíso 
082 0 4 |a 730.983 CAR 1983  |2 21 
100 |a Carvacho Herrera, Víctor  |e author  |9 376591 
245 1 0 |a Historia de la escultura en Chile 
260 |a Santiago, Chile  |b Andrés Bello  |c 1983 
300 |a 328 páginas 
583 |a last modification  |c 19891011 00:00:00  |k Rodrigo Vera 
650 7 |a ESCULTURA  |2 CL-VaPUC  |9 315791  |x HISTORIA DEL ARTE  |z CHILE 
852 |a BIBCUR 
942 |c BK  |2 ddc 
945 |d 19891011 00:00:00 
952 |0 0  |1 0  |2 ddc  |4 0  |6 730_983000000000000_CAR_1983  |7 0  |8 X  |9 216136  |a BIBHIS  |b BIBHIS  |d 2019-11-15  |i 2847353  |o 730.983 CAR 1983  |p 2847353  |r 2024-01-30  |t 3  |w 2019-11-15  |y BK_X  |k HIS 
952 |0 0  |1 0  |2 ddc  |4 0  |6 730_983000000000000_CAR_1983  |7 0  |8 A  |9 216137  |a BIBARQ  |b BIBARQ  |d 2019-11-15  |i 3223442  |o 730.983 CAR 1983  |p 3223442  |r 2025-01-20  |t 1  |w 2019-11-15  |y BK  |k ARQ 
952 |0 0  |1 0  |2 ddc  |4 0  |6 730_983000000000000_CAR_1983  |7 0  |8 R  |9 216138  |a BIBART  |b BIBART  |d 2019-11-15  |i 138127K  |o 730.983 CAR 1983  |p 138127K  |r 2025-03-13  |t 2  |w 2019-11-15  |y BK_R  |k ART